Armstrong's handbook of human resource management practice / (Record no. 26850)
[ view plain ]
| 000 -LEADER | |
|---|---|
| fixed length control field | 01198cam a22003135a 4500 |
| 001 - CONTROL NUMBER | |
| control field | 018134277 |
| 005 - DATE AND TIME OF LATEST TRANSACTION | |
| control field | 20180923110117.0 |
| 008 - FIXED-LENGTH DATA ELEMENTS--GENERAL INFORMATION | |
| fixed length control field | 161004s2017 enk frb 001 0 eng d |
| 015 ## - NATIONAL BIBLIOGRAPHY NUMBER | |
| National bibliography number | GBB6K0466 |
| Source | bnb |
| 020 ## - INTERNATIONAL STANDARD BOOK NUMBER | |
| Cancelled/invalid ISBN | 9780749474119 (pbk.) |
| 040 ## - CATALOGING SOURCE | |
| Original cataloging agency | StDuBDS |
| Language of cataloging | eng |
| Transcribing agency | StDuBDS |
| Modifying agency | Uk |
| -- | EG-ScBUE |
| 082 04 - DEWEY DECIMAL CLASSIFICATION NUMBER | |
| Classification number | 658.3 |
| Item number | ARM |
| Edition number | 22 |
| 100 1# - MAIN ENTRY--PERSONAL NAME | |
| Personal name | Armstrong, Michael, |
| Dates associated with a name | 1928- |
| 245 10 - TITLE STATEMENT | |
| Title | Armstrong's handbook of human resource management practice / |
| Statement of responsibility, etc | Michael Armstrong and Stephen Taylor. |
| 246 30 - VARYING FORM OF TITLE | |
| Title proper/short title | Handbook of human resource management practice |
| 250 ## - EDITION STATEMENT | |
| Edition statement | 14th ed. |
| 260 ## - PUBLICATION, DISTRIBUTION, ETC. (IMPRINT) | |
| Place of publication, distribution, etc | London ; |
| -- | New York : |
| Name of publisher, distributor, etc | Kogan Page Limited, |
| Date of publication, distribution, etc | 2017. |
| 300 ## - PHYSICAL DESCRIPTION | |
| Extent | xxxii, 738 p. : |
| Other physical details | ill. ; |
| Dimensions | 29 cm. |
| 500 ## - GENERAL NOTE | |
| General note | Previous edition : 2014. |
| 504 ## - BIBLIOGRAPHY, ETC. NOTE | |
| Bibliography, etc | Includes bibliographical references and index. |
| 520 ## - SUMMARY, ETC. | |
| Summary, etc | Build your knowledge and discover best practice tools to enhance your performance with this bestselling textbook that covers everything you need to know about HRM. |
| 650 #7 - SUBJECT ADDED ENTRY--TOPICAL TERM | |
| Topical term or geographic name as entry element | Personnel management. |
| Source of heading or term | BUEsh |
| 651 ## - SUBJECT ADDED ENTRY--GEOGRAPHIC NAME | |
| Source of heading or term | BUEsh |
| 653 ## - INDEX TERM--UNCONTROLLED | |
| Resource For college | BAEPS, Business Administration |
| Arrived date list | September2018 |
| 655 ## - INDEX TERM--GENRE/FORM | |
| Form subdivision | Text book |
| 700 1# - ADDED ENTRY--PERSONAL NAME | |
| Personal name | Taylor, Stephen, |
| Dates associated with a name | 1965- |
| 9 (RLIN) | 3860 |
| 776 08 - ADDITIONAL PHYSICAL FORM ENTRY | |
| Display text | Print version : |
| International Standard Book Number | 9780749474119 |
| 942 ## - ADDED ENTRY ELEMENTS (KOHA) | |
| Source of classification or shelving scheme | Dewey Decimal Classification |
| Withdrawn status | Item status | Source of classification or shelving scheme | Damaged status | Not for loan | Vendor | Home library | Current library | Shelving location | Date acquired | Source of acquisition | Total Checkouts | Full call number | Barcode | Date last seen | Koha item type | Cost, normal purchase price | Date last borrowed | Total Renewals |
|---|---|---|---|---|---|---|---|---|---|---|---|---|---|---|---|---|---|---|
| Dewey Decimal Classification | Baccah | Central Library | Central Library | First floor | 23/09/2018 | Purchase | 658.3 ARM | 000043591 | 15/07/2025 | Book - Borrowing | ||||||||
| Dewey Decimal Classification | Baccah | Central Library | Central Library | First floor | 05/12/2018 | Purchase | 658.3 ARM | 000044032 | 15/07/2025 | NB - Book (Non borrowing) | 850.00 | |||||||
| Dewey Decimal Classification | Baccah | Central Library | Central Library | First floor | 05/12/2018 | Purchase | 658.3 ARM | 000044033 | 15/07/2025 | NB - Book (Non borrowing) | ||||||||
| Dewey Decimal Classification | Baccah | Central Library | Central Library | First floor | 05/12/2018 | Purchase | 1 | 658.3 ARM | 000044034 | 15/07/2025 | Book - Borrowing | 06/04/2022 | ||||||
| Dewey Decimal Classification | Baccah | Central Library | Central Library | First floor | 05/12/2018 | Purchase | 3 | 658.3 ARM | 000044035 | 15/07/2025 | Book - Borrowing | 30/03/2022 | 5 |